Rocznicowe wspomnienia i refleksje
| Titel: | Rocznicowe wspomnienia i refleksje |
|---|---|
| Verfasser: | |
| In: |
Szkice ke̜dzierzyńsko-kozielskie, Band 10 (2005), Seite 7-16 alle Artikel anzeigen |
| Veröffentlicht: | 2005 |
| Format: | Aufsatz |
| Sprache: | Polnisch |
X
alg: 39450676 001A $01999:12-11-16 001B $01999:30-05-21 $t22:09:32.000 001C $06050:19-11-16 $t09:34:12.000 001D $01999:12-11-16 001U $0utf8 001X $00 002@ $0Aox 003@ $0394506766 007A $0394506766 $aHEB 007T $0Herdww029386 010@ $apol 011@ $a2005 021A $aRocznicowe wspomnienia i refleksje 027A $aErinnerungen und Betrachtungen zum Jahrestag 028A $aSenft $dStanisław 031A $d10 $h7-16 $j2005 039B $aIn $8--Abvc--. Szkice ke̜dzierzyńsko-kozielskie. - Kędzierzyn-Koźle : Towarzystwo Ziemi Kozielskiej, 1985-. - ISSN 0860-1062 $x200500000100000993 $9048584932 045F $a307.094385 $eDDC23BSB 045F/01 $a307.09 045F/03 $g4385 045T $a-OST $qDE-12 $2FID 045T $a7,41 046C $aErinnerungen und Betrachtungen zum Jahrestag $bÜbers. des Hauptsacht. lok: 39450676 78 exp: 39450676 78 1 #EPN 201B/01 $031-10-19 $t22:44:03.000 201U/01 $0utf8 203@/01 $0790617188 208@/01 $a12-11-16 $be 209A/01 $a/ $f000 $x00 220C/01 $aTitelaufnehmer: EV 220C/01 $aHerkunft: IH UWr 244Z/01 $2Trx $#Silesia $#Śląsk $#Sliezsko $#Slezsko $8--Trx--Schlesien $x01 $9391173987 244Z/01 $#Kandrzin-Cosel $74286225-5 $8--Tg1--Ke̜dzierzyn-Koźle $x02 $9086548549 244Z/01 $aGeschichte 1972-2004 $x03 244Z/01 $2Trx $#aastapäevad ja puhkepäevad $#šventės ir atmintinos dienos $#national holidays $#emlék- és ünnepnapok $#jubileusze i rocznice $#výročia a sviatky $#výročí a svátky $#Jubiläen $#Feiertage $#rocznice $#jubileá $#jubilea $8--Trx--Gedenk- und Feiertage $x04 $9391383027 244Z/01 $2Trx $#mälestused $#atsiminimai $#Memoirs $#emlékezések $#wspomnienia $#spomienky $#vzpomínky $#memuaarid $#Memoiren $#pamiętniki $#pamäti $#paměti $8--Trx--Erinnerungen $x05 $9391357727 244Z/01 $2Trx $8--Trx--Zeitschriftenaufsatz $x06 $9391384341 245Z/01 $a13.03 $x01 245Z/01 $a11.14 $x02 247C/01 $82080>Marburg/Lahn, Herder-Institut, Forschungsbibliothek, Bibliographieportal $9336309341
| LEADER | 00000caa a22000002c 4500 | ||
|---|---|---|---|
| 001 | 394506766 | ||
| 003 | DE-603 | ||
| 005 | 20210530220932.0 | ||
| 007 | tu | ||
| 008 | 161112s2005 xx |||| | u00||u|pol c | ||
| 035 | |a (DE-599)HEB394506766 | ||
| 040 | |a DE-603 |b ger |c DE-603 |d DE-603 | ||
| 041 | |a pol | ||
| 082 | 0 | 4 | |8 1\u |a 307.094385 |q DE-101 |2 23/BSB |
| 084 | |a -OST |q DE-12 |2 fid | ||
| 084 | |a 7,41 |2 ssgn | ||
| 085 | |8 1\u |b 307.09 | ||
| 085 | |8 1\u |z 2 |s 4385 | ||
| 100 | 1 | |a Senft, Stanisław | |
| 245 | 0 | 0 | |a Rocznicowe wspomnienia i refleksje |
| 246 | 1 | |i Übers. des Hauptsacht. |a Erinnerungen und Betrachtungen zum Jahrestag | |
| 246 | 1 | 3 | |a Erinnerungen und Betrachtungen zum Jahrestag |
| 264 | 0 | |c 2005 | |
| 773 | 0 | 8 | |i In |t Szkice ke̜dzierzyńsko-kozielskie |d Kędzierzyn-Koźle : Towarzystwo Ziemi Kozielskiej, 1985- |x 0860-1062 |g Band 10 (2005), Seite 7-16 |w (DE-603)048584932 |w (DE-600)1080389-0 |
| 924 | 0 | |9 2080 |a (DE-603)790617188 |b DE-2080 |c HES |d d |g / | |


